| 000 | 00547nam a22001817a 4500 | ||
|---|---|---|---|
| 999 |
_c8426 _d8426 |
||
| 008 | 201124b ||||| |||| 00| 0 eng d | ||
| 040 | _aBMS College of Architecture | ||
| 100 | _aManiar, Anjali | ||
| 245 | _aBiodiversity Research institute Karwar | ||
| 300 | _a67p. | ||
| 500 | _a1BM14AT008 | ||
| 502 |
_8B,Arch _NBMS College of Architecture, Visvesvaraya Technological University _aProject report _d2018 |
||
| 650 | _aBiodiversity | ||
| 700 | _aInstitute | ||
| 700 |
_aAnand H M _eGuide |
||
| 700 |
_aKoshy P Koshy _eGuide |
||
| 942 |
_2ddc _cTHE |
||